[Event "Coupe Totier 2015"]
[Site "?"]
[Date "2015.06.07"]
[Round "2.3"]
[White "Deveza, Thomas"]
[Black "Pelopidas, Florian"]
[Result "1-0"]
[WhiteElo "1573"]
[BlackElo "1421"]
[PlyCount "127"]
[WhiteTeam "Martigues 1"]
[BlackTeam "Marseille"]

1. e4 e5 2. Nf3 Nc6 3. Bb5 a6 4. Ba4 Nf6 5. O-O Bc5 6. c3 b5 7. Bb3 d6 8. d4
Bb6 9. h3 O-O 10. Re1 Bb7 11. d5 Ne7 12. Nbd2 Ng6 13. g3 Qd7 14. Kg2 Bc8 15.
Rh1 h6 16. a4 Rb8 17. axb5 axb5 18. Qe2 Re8 19. c4 Nh5 20. Nf1 bxc4 21. Ba4 Qe7
22. Bxe8 Qxe8 23. Qxc4 f5 24. Qc2 fxe4 25. Qxe4 Nf6 26. Qc4 Bb7 27. Ne3 Bxe3
28. Bxe3 Bxd5 29. Qa4 Bxf3+ 30. Kxf3 Qxa4 31. Rxa4 Rxb2 32. Rc4 Rb7 33. Rcc1
Kf7 34. Rb1 Rxb1 35. Rxb1 Ke6 36. Rc1 c5 37. g4 Nd5 38. Ke4 Ngf4 39. h4 Ng2 40.
h5 Nf6+ 41. Kf3 Nxe3 42. fxe3 Nh7 43. e4 Ng5+ 44. Ke3 d5 45. Rxc5 Nxe4 46. Rc7
Nf6 47. Rxg7 d4+ 48. Kd3 Kd5 {(=)} 49. Rg6 e4+ 50. Ke2 d3+ 51. Ke3 Ke5 52. g5
Nd5+ (52... Ng4+ $1 53. Kd2 Kf5 54. Rg8 (54. gxh6 e3+ 55. Kxd3 Ne5+ $11) 54...
hxg5 $11) 53. Kd2 hxg5 54. Rxg5+ Kd4 55. Rxd5+ Kxd5 56. h6 Kd4 57. h7 e3+ 58.
Kd1 d2 59. h8=Q+ Kd3 60. Qh2 Kc3 61. Qe2 Kd4 62. Kc2 Ke4 63. Kc3 Kf4 64. Kd3
1-0

[Event "Coupe Totier 2015"]
[Site "?"]
[Date "2015.06.07"]
[Round "2.4"]
[White "Delaplace, Mathias"]
[Black "Santiago, Antoine-Louis"]
[Result "0-1"]
[WhiteElo "1009"]
[BlackElo "1310"]
[PlyCount "124"]
[WhiteTeam "Marseille"]
[BlackTeam "Martigues 1"]

1. e4 e5 2. Nf3 Nc6 3. Nc3 Bb4 4. d3 Nf6 5. Bg5 h6 6. Bh4 d6 7. Nd2 Bxc3 8.
bxc3 Bg4 9. f3 Bh5 10. g4 Bg6 11. g5 hxg5 12. Bxg5 Rh5 13. Be3 d5 14. f4 exf4
15. Be2 Rh4 16. Bf2 Rh6 17. Nb3 dxe4 18. dxe4 Qxd1+ 19. Rxd1 Bxe4 20. Rg1 g6
21. Nc5 Bxc2 22. Rc1 Be4 23. Nxb7 Ne5 24. Nc5 O-O-O 25. Bf3 Bxf3 26. Rb1 Be4
27. Rb3 Bd5 28. Rb1 Bxa2 29. Rb5 Bc4 30. Rb4 Nd3+ 31. Nxd3 Bxd3 32. Kd2 Bf5+
33. Ke2 Rxh2 34. Ke1 Rd3 35. Rb1 Rd2 36. Kxd2 Bxb1 37. Rxb1 Rxf2+ 38. Ke1 Ne4
39. Rb4 Rc2 40. Rxe4 Rxc3 41. Rxf4 Rc2 42. Kd1 Rh2 43. Rxf7 g5 44. Rf3 g4 45.
Rg3 Rh3 46. Rxg4 Rh2 47. Ra4 Kb7 48. Ke1 a6 49. Kf1 Kb6 50. Rb4+ Kc5 51. Rb7 c6
52. Kg1 Ra2 53. Kf1 a5 54. Ra7 Kb5 55. Ke1 c5 56. Kd1 c4 57. Kc1 c3 58. Kb1 Rh2
59. Ka1 a4 60. Rc7 Kb4 61. Rc6 Kb3 62. Kb1 Rh1# 0-1

[Event "Coupe Totier 2015"]
[Site "?"]
[Date "2015.06.07"]
[Round "2.1"]
[White "Nari, Damien"]
[Black "Faure, Alexandre"]
[Result "0-1"]
[WhiteElo "1967"]
[BlackElo "1994"]
[PlyCount "84"]
[WhiteTeam "Istres-Fos"]
[BlackTeam "Salon"]

1. e4 e6 2. d4 d5 3. Nc3 Nf6 4. Bg5 Be7 5. e5 Nfd7 6. Bxe7 Qxe7 7. f4 a6 8. Qg4
O-O 9. Nf3 c5 10. Bd3 cxd4 11. Bxh7+ Kxh7 12. Ng5+ Kg8 13. Qh5 Qxg5 14. fxg5
dxc3 15. O-O Nxe5 16. Rae1 Ng6 17. Re3 e5 18. g4 Bxg4 19. Qxg4 cxb2 20. h4 Nc6
21. Rb3 Nd4 22. Rxb2 b5 23. c3 Ne6 24. Rf5 Rac8 25. h5 Ngf4 26. h6 g6 27. Rxe5
Rxc3 28. Rd2 Rfc8 29. Kf1 Rc1+ 30. Re1 R1c4 31. Qg3 Rc3 {(=)} 32. Re3 Rc1+ 33.
Kf2 R1c4 34. Ra3 Nc5 35. Ke3 b4 36. Rd4 Re8+ 37. Kxf4 Rxd4+ 38. Kf3 bxa3 39.
Qd6 Rd3+ 40. Kg2 Re2+ 41. Kf1 Rxa2 42. Ke1 Rb3 0-1

[Event "Coupe Totier 2015"]
[Site "?"]
[Date "2015.06.07"]
[Round "2.2"]
[White "Busson, Benoist"]
[Black "Kizil, Yilmaz"]
[Result "1-0"]
[WhiteElo "1938"]
[BlackElo "1706"]
[PlyCount "81"]
[WhiteTeam "Salon"]
[BlackTeam "Istres-Fos"]

1. e4 e5 2. d4 exd4 3. c3 d6 4. cxd4 Nf6 5. Nc3 Be7 6. Nf3 O-O 7. Bd3 Bg4 8. h3
Bh5 9. Bg5 Re8 10. O-O Nc6 11. g4 Nxg4 12. Bxe7 Rxe7 13. hxg4 Bxg4 14. Be2 Re6
15. Nh2 Bh3 16. Kh1 Rh6 17. Rg1 Qh4 18. Qd3 g6 19. Qg3 Nxd4 20. Qxh4 Rxh4 21.
Rg3 Re8 22. Bg4 Bxg4 23. Rxg4 Rh5 24. Kg2 c5 25. Nf3 f5 26. exf5 Rxf5 27. Nxd4
cxd4 28. Rxd4 Ref8 29. Rd2 Rg5+ 30. Kf1 Rh5 31. Rad1 Rhf5 32. Ne4 h5 33. Rxd6
Kh7 34. Rd7+ Kh6 35. Rxb7 Rf4 36. Re7 h4 37. Rd3 g5 38. Kg2 Kh5 39. Rd5 Rg8 40.
Ree5 Kg4 41. Rxg5+ 1-0

[Event "Coupe Totier 2015"]
[Site "?"]
[Date "2015.06.07"]
[Round "2.3"]
[White "Jullien, Patrick"]
[Black "Sanchez, Frederic"]
[Result "1-0"]
[WhiteElo "1564"]
[BlackElo "1759"]
[PlyCount "93"]
[WhiteTeam "Istres-Fos"]
[BlackTeam "Salon"]

1. e4 c6 2. d4 d5 3. Nc3 dxe4 4. Nxe4 Bf5 5. Ng3 Bg6 6. Nf3 Nd7 7. h4 h6 8. h5
Bh7 9. Bd3 Bxd3 10. Qxd3 Qc7 11. Bd2 Ngf6 12. O-O-O O-O-O 13. Rhe1 e6 14. Qc3
Bd6 15. Ne5 Nd5 16. Qa5 Nxe5 17. Qxc7+ Bxc7 18. dxe5 Rd7 19. f4 Rhd8 20. Ne4
Nb6 21. b3 Nd5 22. c4 Ne7 23. g4 Ng8 24. Bb4 f6 25. Rxd7 Rxd7 26. Nc5 Re7 27.
Ne4 Re8 28. Nd6+ Bxd6 29. exd6 Kd7 30. c5 e5 31. fxe5 fxe5 32. Bc3 Nf6 33. Rxe5
Rxe5 34. Bxe5 Nxg4 35. Bxg7 b6 36. b4 bxc5 37. bxc5 a6 38. Kd2 Nf2 39. Ke3 Ng4+
40. Kf4 Nf2 41. Kf5 Nd3 42. Bd4 Nb4 43. Kg6 Nd5 44. Kxh6 Nf4 45. Be3 Ne6 46.
Kg6 Nf8+ 47. Kf7 1-0

[Event "Coupe Totier 2015"]
[Site "?"]
[Date "2015.06.07"]
[Round "2.4"]
[White "Brenon, Stephane"]
[Black "Nari, Alain"]
[Result "1-0"]
[WhiteElo "1195"]
[BlackElo "1616"]
[PlyCount "51"]
[WhiteTeam "Salon"]
[BlackTeam "Istres-Fos"]

1. d4 Nf6 2. c4 e6 3. Nc3 Bb4 4. e4 Bxc3+ 5. bxc3 O-O 6. f3 d6 7. Bd3 h6 8. Be3
Nc6 9. Ne2 Na5 10. O-O b6 11. Qd2 Ba6 12. e5 Ne8 13. f4 Nxc4 14. Bxc4 Bxc4 15.
Rf3 dxe5 16. fxe5 c5 17. Rd1 cxd4 18. cxd4 Kh7 19. Qc2+ Kh8 20. Qxc4 Rc8 21.
Qd3 Nc7 22. Rdf1 Qe7 23. Rh3 Nd5 24. Bxh6 Rc3 25. Bxg7+ Kxg7 26. Qh7# 1-0

[Event "Coupe Totier 2015"]
[Site "?"]
[Date "2015.06.07"]
[Round "3.1"]
[White "Person, Claude"]
[Black "Cattaneo, Romain"]
[Result "1/2-1/2"]
[WhiteElo "1222"]
[BlackElo "2021"]
[PlyCount "140"]
[WhiteTeam "Martigues 2"]
[BlackTeam "Martigues 1"]

1. e4 g6 2. Nf3 Bg7 3. c3 d5 4. Bd3 Nc6 5. O-O Bg4 6. h3 h5 7. exd5 Qxd5 8. Be2
Nf6 9. d4 O-O-O 10. Bf4 Qf5 11. Bh2 Nd5 12. Bd3 Qf6 13. Nbd2 Bxf3 14. Nxf3 Nf4
15. Be4 g5 16. Bxf4 Qxf4 17. Bxc6 bxc6 18. Qd2 Qxd2 19. Nxd2 g4 20. h4 c5 21.
Nb3 cxd4 22. cxd4 Bxd4 23. Nxd4 Rxd4 24. g3 Rd2 25. b3 Rhd8 26. b4 Rb2 27. a3
Rdd2 28. Rad1 Kd7 29. Rxd2+ Rxd2 30. Rc1 Kd6 31. Rc5 Rd5 32. Rc3 e5 33. Rb3 f5
34. b5 Kc5 35. a4 Rd4 36. Rc3+ Rc4 37. Ra3 Kb4 38. Ra1 Ka5 39. Kg2 Rxa4 40. Rc1
Kxb5 41. Rxc7 a5 42. Rh7 f4 43. gxf4 Rxf4 44. Rxh5 Re4 45. Rg5 a4 46. h5 a3 47.
h6 g3 48. h7 Rh4 49. Rxe5+ Kb4 $4 50. Re4+ $1 Rxe4 51. h8=Q gxf2 52. Qb8+ Kc3
53. Qh8+ Kd2 54. Kxf2 Rf4+ 55. Kg3 Rc4 56. Qh2+ Kc3 57. Qh8+ Kb3 58. Qa1 a2 59.
Kf2 Rc2+ 60. Ke3 Rb2 61. Qd1+ Ka3 62. Qd6+ Rb4 63. Qa6+ Kb2 64. Qe2+ Ka3 65.
Qa6+ Kb3 66. Qd3+ Kb2 67. Qd2+ Ka3 68. Qc1+ Kb3 69. Qd1+ Kb2 70. Qd2+ Ka3
1/2-1/2

[Event "Coupe Totier 2015"]
[Site "?"]
[Date "2015.06.07"]
[Round "3.2"]
[White "Zazzi, Clement"]
[Black "Champin, Hugot"]
[Result "1-0"]
[WhiteElo "1842"]
[BlackElo "1199"]
[PlyCount "95"]
[WhiteTeam "Martigues 1"]
[BlackTeam "Martigues 2"]

1. e4 e5 2. Nf3 Nc6 3. d4 exd4 4. Bc4 h6 5. Nxd4 Nxd4 6. Qxd4 c5 7. Qd3 d6 8.
Nc3 Nf6 9. Bf4 Nh5 10. Qd5 Qf6 11. Bb5+ Kd8 12. Be3 Nf4 13. Bxf4 Qxf4 14. O-O
Qe5 15. Qxf7 Qf6 16. Qd5 Qg6 17. e5 Qe6 18. Qxe6 Bxe6 19. exd6 Bxd6 20. Ne4 Be5
21. Nxc5 Bf5 22. Rad1+ Kc7 23. c3 Rad8 24. Bd3 Bd6 25. Nb3 Bxh2+ 26. Kxh2 Bxd3
27. Rfe1 g5 28. Nc5 Bf5 29. Re7+ Kb6 30. Nd7+ Bxd7 31. Rdxd7 Rxd7 32. Rxd7 Re8
33. Rd2 Kc7 34. Kg3 Re1 35. Kg4 Rh1 36. Kf5 Rh2 37. g4 Kc6 38. Ke4 h5 39. gxh5
Rxh5 40. Kf5 g4+ 41. Kxg4 Rd5 42. Rxd5 Kxd5 43. f4 Ke6 44. f5+ Kf6 45. c4 b6
46. b4 Kf7 47. c5 a5 48. cxb6 1-0

[Event "Coupe Totier 2015"]
[Site "?"]
[Date "2015.06.07"]
[Round "3.3"]
[White "Delvincourt, Pierre"]
[Black "Deveza, Thomas"]
[Result "0-1"]
[WhiteElo "1199"]
[BlackElo "1573"]
[PlyCount "50"]
[WhiteTeam "Martigues 2"]
[BlackTeam "Martigues 1"]

1. e4 c5 2. Bc4 e6 3. Nf3 d5 4. Bb3 dxe4 5. Ne5 Nf6 6. O-O Be7 7. d3 exd3 8.
cxd3 O-O 9. Nc3 b6 10. Bg5 Bb7 11. Nb5 a6 12. Nc3 Nc6 13. Qf3 Qc7 14. Nxc6 Bxc6
15. Qf4 Qxf4 16. Bxf4 Nd5 17. Nxd5 exd5 18. Rae1 Bf6 19. Re2 Rfe8 20. Rfe1 Kf8
21. Bd6+ Kg8 22. Re3 Rxe3 23. Rxe3 Bxb2 24. Bd1 Re8 25. Rg3 Re1# 0-1

[Event "Coupe Totier 2015"]
[Site "?"]
[Date "2015.06.07"]
[Round "3.4"]
[White "Santiago, Antoine-Louis"]
[Black "Merino-Escoubet, Gabriel"]
[Result "1-0"]
[WhiteElo "1310"]
[BlackElo "1240"]
[PlyCount "71"]
[WhiteTeam "Martigues 1"]
[BlackTeam "Martigues 2"]

1. e4 e5 2. Nf3 Nc6 3. Bb5 a6 4. Bxc6 dxc6 5. d3 f6 6. Nc3 Nh6 7. O-O Bb4 8.
Bd2 O-O 9. a3 Ba5 10. Ne2 Bb6 11. Ng3 Bd4 12. Rb1 Bg4 13. h3 Bxf3 14. Qxf3 Qd7
15. Bxh6 gxh6 16. Nf5 Kf7 17. Nxh6+ Ke8 18. Qh5+ Ke7 19. Nf5+ Ke6 20. c3 Bc5
21. b4 Bd6 22. Qg4 Kf7 23. Qg7+ Ke6 24. Qg4 Kf7 25. Nh6+ Ke8 26. Qh5+ Ke7 27.
Nf5+ Ke6 28. d4 Qf7 29. Qg4 Qd7 30. c4 exd4 31. Nxd4+ Ke7 32. Qg7+ Ke8 33.
Qxd7+ Kxd7 34. c5 Be5 35. Nf5 b6 36. Rfd1+ 1-0

[Event "Coupe Totier 2015"]
[Site "?"]
[Date "2015.06.07"]
[Round "3.2"]
[White "Burmonas, Romain"]
[Black "Busson, Benoist"]
[Result "0-1"]
[WhiteElo "1939"]
[BlackElo "1932"]
[PlyCount "94"]
[WhiteTeam "Meyreuil 1"]
[BlackTeam "Salon"]

1. e4 e5 2. Nf3 Nc6 3. Bc4 Nf6 4. d3 h6 5. Be3 d6 6. Nc3 Be7 7. Qd2 Na5 8.
O-O-O Nxc4 9. dxc4 Ng4 10. h4 Nxe3 11. Qxe3 Be6 12. Nxe5 Qc8 13. Nd3 O-O 14.
Nd5 Bxd5 15. exd5 Bf6 16. f3 b5 17. c5 Qf5 18. Nf2 Rfe8 19. Ne4 Be5 20. Kb1 Bf4
21. Qf2 dxc5 22. g4 Qg6 23. Qxc5 f5 24. gxf5 Qxf5 25. Qc6 Rab8 26. Rhg1 Kh7 27.
Rg2 Re7 28. h5 Rb6 29. Qc5 Rd7 30. Rdg1 Qxh5 31. a4 bxa4 32. d6 Qe5 33. c3 cxd6
34. Qc8 Rdb7 35. Qf8 g5 36. Rxg5 Rxb2+ 37. Ka1 Bxg5 38. Nxg5+ hxg5 39. Rh1+ Rh2
40. Rxh2+ Qxh2 41. Qf5+ Kg7 42. Qxg5+ Kf8 43. Qf5+ Rf7 44. Qc8+ Ke7 45. Qc7+
Kf6 46. Qd8+ Kg7 47. Qg5+ {(=)} Kh7 0-1

[Event "Coupe Totier 2015"]
[Site "?"]
[Date "2015.06.07"]
[Round "3.3"]
[White "Sanchez, Frederic"]
[Black "Montanelli, Tristan"]
[Result "0-1"]
[WhiteElo "1759"]
[BlackElo "1709"]
[PlyCount "70"]
[WhiteTeam "Salon"]
[BlackTeam "Meyreuil 1"]

1. d4 g6 2. c4 Bg7 3. Nf3 c5 4. g3 d6 5. Bg2 cxd4 6. Nxd4 Qb6 7. e3 Bd7 8. O-O
Nc6 9. Nb3 Rc8 10. N1d2 Nf6 11. Nf3 O-O 12. Nbd4 Nxd4 13. exd4 Rxc4 14. Re1 Nd5
15. Bg5 e6 16. Be3 Rfc8 17. Ng5 Nxe3 18. fxe3 h6 19. Ne4 f5 20. Nd2 R4c7 21. b3
d5 22. Nf3 Rc3 23. Kh1 Bb5 24. Nh4 Kh7 25. Rb1 Rd3 26. Qe2 Rcc3 27. Qf2 Qc6 28.
Bh3 Rc2 29. Qf3 Rdd2 30. g4 Qd6 31. Ng2 Rf2 32. Qg3 Qxg3 33. hxg3 fxg4 34. Bxg4
Rxg2 35. Bxe6 Rh2+ 0-1

[Event "Coupe Totier 2015"]
[Site "?"]
[Date "2015.06.07"]
[Round "3.4"]
[White "Lemarchand, Fabien"]
[Black "Brenon, Stephane"]
[Result "1-0"]
[WhiteElo "1399"]
[BlackElo "1195"]
[PlyCount "83"]
[WhiteTeam "Meyreuil 1"]
[BlackTeam "Salon"]

1. e4 c5 2. Nc3 Nc6 3. g3 g6 4. Bg2 Bg7 5. Nge2 d6 6. d3 Nf6 7. h3 O-O 8. f4
Nd4 9. Be3 Nxe2 10. Nxe2 Nd7 11. c3 b5 12. O-O Rb8 13. d4 c4 14. e5 Bb7 15.
exd6 Bxg2 16. Kxg2 exd6 17. d5 Nc5 18. Bd4 f6 19. b4 Na6 20. Bxa7 Rb7 21. Bg1
Qe7 22. Nd4 Rf7 23. Re1 Qd7 24. Re3 Rb8 25. a4 Qb7 26. Nxb5 Rd8 27. Re6 Bf8 28.
Qd4 Kg7 29. Rae1 Nc7 30. Nxc7 Qxc7 31. g4 Be7 32. g5 Rdf8 33. b5 Kg8 34. Qe4
Re8 35. gxf6 Kf8 36. Bd4 Qd7 37. fxe7+ Rfxe7 38. f5 gxf5 39. Qxf5+ Rf7 40.
Rxe8+ Qxe8 41. Rxe8+ Kxe8 42. Qc8+ 1-0

[Event "Coupe Totier 2015"]
[Site "?"]
[Date "2015.06.07"]
[Round "3.1"]
[White "Fayette, Sylvain"]
[Black "Beraud, Robert"]
[Result "1-0"]
[WhiteElo "2003"]
[BlackElo "1658"]
[PlyCount "141"]
[WhiteTeam "Aubagne"]
[BlackTeam "Meyreuil 2"]

1. e4 e5 2. Nc3 Nf6 3. f4 Nc6 4. fxe5 Nxe5 5. d4 Nc6 6. e5 Ng8 7. Nf3 Bb4 8.
Bd3 d6 9. O-O Bg4 10. Be4 Nge7 11. Nd5 Nxd5 12. Bxd5 Qd7 13. c3 Ba5 14. Qa4 Bb6
15. Ng5 Be6 16. Rxf7 Bxf7 17. Nxf7 O-O 18. e6 Qe8 19. Qc2 Ne7 20. Bxb7 Rb8 21.
Be4 Rxf7 22. Bxh7+ Kh8 23. exf7 Qxf7 24. Bg5 g6 25. Bxe7 Qxh7 26. Bf6+ Kg8 27.
Re1 Qf7 28. Bh4 Rf8 29. Qe4 Kg7 30. Qe7 Qxe7 31. Rxe7+ Kh6 32. Bf2 Kh5 33. h3
Kg5 34. Be3+ Kf6 35. Re4 Kg7 36. d5 Bxe3+ 37. Rxe3 Rb8 38. b3 Kf7 39. Kf2 a5
40. Kf3 a4 41. c4 axb3 42. axb3 Ra8 43. Ke4 Ra2 44. g3 Rb2 45. Kd4 Rc2 46. h4
Rc1 47. Rc3 Rd1+ 48. Ke4 Re1+ 49. Kf4 Rd1 50. Kg5 Re1 51. Kh6 Rf1 52. h5 Kf6
53. Re3 gxh5 54. Re8 Rh1 55. Re3 Rh3 56. Rf3+ Ke7 57. Kg5 h4 58. Kg4 Rxg3+ 59.
Rxg3 hxg3 60. Kxg3 Kf7 61. Kf4 Kf6 62. b4 Ke7 63. Kf5 Kf7 64. c5 dxc5 65. bxc5
Ke7 66. Ke5 Kd7 67. Kf6 Ke8 68. Ke6 Kd8 69. d6 cxd6 70. Kxd6 Kc8 71. Kc6 1-0

[Event "Coupe Totier 2015"]
[Site "?"]
[Date "2015.06.07"]
[Round "3.2"]
[White "Schiano-Lomoriello, Didier"]
[Black "Rezki, Bernard"]
[Result "0-1"]
[WhiteElo "1589"]
[BlackElo "1943"]
[PlyCount "74"]
[WhiteTeam "Meyreuil 2"]
[BlackTeam "Aubagne"]

1. e4 c5 2. Nf3 d6 3. d4 cxd4 4. Nxd4 Nf6 5. Nc3 g6 6. Be3 Bg7 7. f3 O-O 8. Bc4
Nc6 9. Qd2 a6 10. O-O-O Bd7 11. Bh6 b5 12. Bxg7 Kxg7 13. Bb3 Rc8 14. h4 h5 15.
g4 Rh8 16. g5 Ne8 17. Qf4 Rf8 18. Nxc6 Rxc6 19. e5 Be6 20. Qe4 Qd7 21. Bxe6
fxe6 22. Rhe1 d5 23. Qd3 Qc7 24. Kb1 Rf4 25. Qe3 Rfc4 26. Qf2 b4 27. Nxd5 exd5
28. e6 Qf4 29. Qa7 Rc7 30. Qb8 Nd6 31. Rxd5 Rxc2 32. Rdd1 Qf5 33. Ka1 Qc5 34.
a3 bxa3 35. Qb3 axb2+ 36. Ka2 Rb7 37. Qa3 b1=Q# 0-1

[Event "Coupe Totier 2015"]
[Site "?"]
[Date "2015.06.07"]
[Round "3.3"]
[White "Salvi, Michel"]
[Black "Graells, Christian"]
[Result "1-0"]
[WhiteElo "1589"]
[BlackElo "1943"]
[PlyCount "93"]
[WhiteTeam "Aubagne"]
[BlackTeam "Meyreuil 2"]

1. e4 e5 2. Nf3 Nc6 3. Bb5 Nf6 4. O-O d6 5. h3 Bd7 6. Re1 a6 7. Ba4 Be7 8. c3
O-O 9. d4 b5 10. Bc2 Qc8 11. Nbd2 Ne8 12. Nf1 f5 13. exf5 Bxf5 14. Bb3+ Kh8 15.
dxe5 Na5 16. Bg5 Bxg5 17. Nxg5 Nxb3 18. Qxb3 Bg6 19. e6 h6 20. Nf7+ Kh7 21. Re3
Nf6 22. Rg3 d5 23. Rxg6 Rxf7 24. exf7 Kxg6 25. Ne3 c6 26. Qc2+ Kxf7 27. Nf5 Qe6
28. Nd4 Qd6 29. Re1 Re8 30. Rxe8 Nxe8 31. Qf5+ Nf6 32. Qc8 c5 33. Nc6 Qf4 34.
Nd8+ Kg6 35. Qxc5 Qc1+ 36. Kh2 Qxb2 37. a3 Qc1 38. Ne6 Qd2 39. Qa7 Qxc3 40.
Qxg7+ Kf5 41. Nf8 Qe5+ 42. g3 Qe8 43. g4+ Ke4 44. Qxf6 Qb8+ 45. Kg2 Qa8 46. Ng6
d4 47. Qf3# 1-0

[Event "Coupe Totier 2015"]
[Site "?"]
[Date "2015.06.07"]
[Round "3.4"]
[White "Lupinacci, Patrick"]
[Black "Salvi, Angele"]
[Result "1-0"]
[WhiteElo "1448"]
[BlackElo "1048"]
[PlyCount "53"]
[WhiteTeam "Meyreuil 2"]
[BlackTeam "Aubagne"]

1. Nf3 c5 2. c4 d6 3. d4 cxd4 4. Nxd4 e6 5. e4 Bd7 6. Be2 e5 7. Nf3 Nf6 8. Nc3
Nc6 9. O-O a6 10. Be3 Be7 11. a3 h6 12. Qc2 O-O 13. Rad1 Be6 14. Nd5 Ng4 15.
Bb6 Qd7 16. Nc7 Rac8 17. Nd5 Bd8 18. Bxd8 Qxd8 19. h3 Nf6 20. Nxf6+ gxf6 21.
Qd2 Re8 22. Qxh6 Qe7 23. b3 Rcd8 24. Rd3 Nd4 25. Nxd4 exd4 26. Rg3+ Bg4 27.
Rxg4# 1-0

[Event "Coupe Totier 2015"]
[Site "?"]
[Date "2015.06.07"]
[Round "3.1"]
[White "Chauvet, Vincent"]
[Black "Nari, Damien"]
[Result "1/2-1/2"]
[WhiteElo "2144"]
[BlackElo "1967"]
[PlyCount "104"]
[WhiteTeam "Marseille"]
[BlackTeam "Istres-Fos"]

1. d4 f5 2. Bg5 Nf6 3. Bxf6 exf6 4. e3 d5 5. c4 Be6 6. Nc3 Bb4 7. Qb3 Bxc3+ 8.
bxc3 b6 9. h4 Qd6 10. Nh3 Nc6 11. Qa4 O-O 12. Nf4 Bd7 13. cxd5 Na5 14. Qb4 Rfe8
15. Qxd6 cxd6 16. h5 Rac8 17. Kd2 Rc7 18. Bd3 Kf7 19. Rab1 Rec8 20. Rhc1 Nc4+
21. Ke2 g5 22. hxg6+ hxg6 23. Rh1 Rg8 24. Rh7+ Rg7 25. Rbh1 Nb2 26. Kd2 Nxd3
27. Kxd3 g5 28. Ne6 Bxe6 29. Rxg7+ Kxg7 30. dxe6 d5 31. Rb1 Rc6 32. Rb5 Rd6 33.
c4 dxc4+ 34. Kxc4 Rxe6 35. Rxf5 Kg6 36. g4 Re4 37. Kd3 Rxg4 38. e4 Rg1 39. Rb5
Rd1+ 40. Ke3 Kf7 41. Rb3 Ra1 42. Rb2 Ke6 43. Rd2 Rc1 44. Kf3 b5 45. d5+ Kd6 46.
Kg4 Rc3 47. f4 gxf4 48. Kf5 (48. Kxf4 $11) 48... f3 49. Kxf6 $2 Re3 $1 $19 50.
Kf5 Re2 51. Rd3 f2 52. Rf3 b4 {(=)} (52... b4 53. Kg6 Rxa2 54. Rf6+ Ke7 55. e5
b3 56. Re6+ Kd8 57. Rd6+ Kc7 58. Rc6+ Kb7 59. Rc1 Re2 $19) 1/2-1/2

[Event "Coupe Totier 2015"]
[Site "?"]
[Date "2015.06.07"]
[Round "3.2"]
[White "Kizil, Ylmaz"]
[Black "Figier, Anthony"]
[Result "0-1"]
[WhiteElo "1706"]
[BlackElo "1933"]
[PlyCount "58"]
[WhiteTeam "Istres-Fos"]
[BlackTeam "Marseille"]

1. e4 Nf6 2. Bc4 Nxe4 3. Bxf7+ Kxf7 4. Qh5+ Kg8 5. Qd5+ e6 6. Qxe4 d5 7. Qe2 c5
8. Nf3 Nc6 9. c3 Be7 10. h4 Bf6 11. d3 h6 12. Rh3 e5 13. g4 Bxg4 14. Rg3 Bh5
15. Bd2 Qd6 16. Na3 e4 17. O-O-O Bxf3 18. Rxf3 exf3 19. Qxf3 a6 20. Nc2 d4 21.
Rg1 dxc3 22. bxc3 Ne5 23. Qf5 Nxd3+ 24. Kd1 Rd8 25. Ne3 Nb2+ 26. Kc1 Qxd2+ 27.
Kb1 Qd3+ 28. Qxd3 Nxd3 29. Ng4 Kf7 0-1

[Event "Coupe Totier 2015"]
[Site "?"]
[Date "2015.06.07"]
[Round "3.3"]
[White "Pelopidas, Florian"]
[Black "Jullien, Patrick"]
[Result "1-0"]
[WhiteElo "1421"]
[BlackElo "1564"]
[PlyCount "51"]
[WhiteTeam "Marseille"]
[BlackTeam "Istres-Fos"]

1. d4 Nf6 2. c4 c5 3. d5 e6 4. Nc3 exd5 5. cxd5 d6 6. e4 g6 7. Nf3 Bg7 8. Be2
O-O 9. O-O a6 10. a4 Nbd7 11. Bf4 Re8 12. Bd3 Qc7 13. Qd2 c4 14. Bc2 Nc5 15.
Rfe1 Nh5 16. Bh6 Qb6 17. Bxg7 Kxg7 18. Rab1 Qc7 19. Qd4+ Kg8 20. Qxc4 Qd8 21.
e5 b5 22. axb5 axb5 23. Qd4 Ba6 24. exd6 Qxd6 25. b4 Ne6 26. dxe6 1-0

[Event "Coupe Totier 2015"]
[Site "?"]
[Date "2015.06.07"]
[Round "3.4"]
[White "Nari, Alain"]
[Black "Delaplace, Mathias"]
[Result "1-0"]
[WhiteElo "1616"]
[BlackElo "1009"]
[PlyCount "75"]
[WhiteTeam "Istres-Fos"]
[BlackTeam "Marseille"]

1. e4 e5 2. Nc3 Nc6 3. Bc4 Nf6 4. d3 Nb4 5. a3 Nc6 6. Nge2 d6 7. O-O Ng4 8. h3
Nf6 9. f4 Nd4 10. fxe5 dxe5 11. Bg5 Be7 12. Nxd4 exd4 13. Bxf6 Bxf6 14. Nd5 Be5
15. Qh5 g6 16. Qxe5+ Be6 17. Qxh8+ Kd7 18. Nf6+ Ke7 19. Qxd8+ Rxd8 20. Bxe6
Kxe6 21. Nd5 c6 22. Nc7+ Kd7 23. Rxf7+ Kc8 24. Rxh7 g5 25. Ne6 Rd6 26. Nxg5 Rg6
27. Rf1 Rg8 28. Ne6 Re8 29. Rf8 Rxf8 30. Nxf8 c5 31. Ne6 b6 32. Rg7 a5 33. h4
b5 34. h5 b4 35. axb4 cxb4 36. h6 a4 37. h7 a3 38. h8=Q# 1-0